| 000 | 003970000a22001570004500 | ||
|---|---|---|---|
| 020 | _a060453087 | ||
| 060 | _a100 | ||
| 082 | _a582.130 12 RAD | ||
| 100 | _aRadford, Albert E et.al | ||
| 245 | _aVascular plant systematics | ||
| 260 | _aNewyork, Harper &row publishers | ||
| 260 | _c1974 | ||
| 300 | _a891 | ||
| 650 | _aVascular plants-systematics/systematics-vascular plants | ||
| 942 | _cBK | ||
| 999 |
_c357087 _d357087 |
||